Đỉnh thiên đàng Tập truyện
v.v...
Đã lưu trong:
| Tác giả chính: | |
|---|---|
| Định dạng: | Sách |
| Năm xuất bản: |
Tp. Hồ Chí Minh
Nxb Trẻ
1998
|
| Chủ đề: | |
| Tags: |
Thêm thẻ
Không có thẻ, Hãy là người đầu tiên gắn thẻ bản ghi này!
|
| LEADER | 01104nam a2200205 4500 | ||
|---|---|---|---|
| 082 | |a 895.922334 |b V500Đ | ||
| 100 | |a Vũ Đình Giang | ||
| 245 | |a Đỉnh thiên đàng |c Vũ Đình Giang |b Tập truyện | ||
| 260 | |a Tp. Hồ Chí Minh |b Nxb Trẻ |c 1998 | ||
| 300 | |a 190 tr. |c 18 cm. | ||
| 500 | |a Nội dung: Gác trọ, Cúp học, Đêm cao nguyên, Đỉnh thiên đàng... | ||
| 520 | |a v.v... | ||
| 653 | |a Văn học hiện đại | ||
| 653 | |a Việt Nam | ||
| 653 | |a Truyện ngắn | ||
| 942 | |2 ddc |c STK0 | ||
| 999 | |c 1838 |d 1838 | ||
| 952 | |0 0 |1 0 |2 ddc |4 0 |6 895_922334000000000_V500Đ |7 1 |8 800 |9 28709 |a qbu |b qbu |c D5 |d 2014-12-10 |g 20000 |o 895.922334 V500Đ |p 1143.c1 |r 0000-00-00 |w 2014-12-10 |y STK0 |0 0 |6 895_922334000000000_V500Đ | ||
| 952 | |0 0 |1 0 |2 ddc |4 0 |6 895_922334000000000_V500Đ |7 0 |8 800 |9 28710 |a qbu |b qbu |c D5 |d 2014-12-10 |g 20000 |o 895.922334 V500Đ |p 1143.c2 |r 0000-00-00 |w 2014-12-10 |y STK0 |0 0 |6 895_922334000000000_V500Đ | ||
| 952 | |0 0 |1 0 |2 ddc |4 0 |6 895_922334000000000_V500Đ |7 0 |8 800 |9 28711 |a qbu |b qbu |c D5 |d 2014-12-10 |g 20000 |o 895.922334 V500Đ |p 1143.c3 |r 0000-00-00 |w 2014-12-10 |y STK0 |0 0 |6 895_922334000000000_V500Đ | ||